Road to Industrialized Africa : Role of Efficient Factor Market in Firm Growth /

After a decade of rapid growth, industrialization has lost ground with shrinking manufacturing sector and high informality in Sub-Saharan Africa (SSA). This paper explores how land market and labor regulations affect factor allocative efficiency and firm performance in SSA. Using pooled data on firm...

Descripció completa

Dades bibliogràfiques
Autor principal: Nose, Manabu
Format: Revista
Idioma:English
Publicat: Washington, D.C. : International Monetary Fund, 2018.
Col·lecció:IMF Working Papers; Working Paper ; No. 2018/184
Accés en línia:Full text available on IMF
LEADER 02198cas a2200241 a 4500
001 AALejournalIMF018705
008 230101c9999 xx r poo 0 0eng d
020 |c 5.00 USD 
020 |z 9781484373088 
022 |a 1018-5941 
040 |a BD-DhAAL  |c BD-DhAAL 
100 1 |a Nose, Manabu. 
245 1 0 |a Road to Industrialized Africa :   |b Role of Efficient Factor Market in Firm Growth /  |c Manabu Nose. 
264 1 |a Washington, D.C. :  |b International Monetary Fund,  |c 2018. 
300 |a 1 online resource (39 pages) 
490 1 |a IMF Working Papers 
500 |a <strong>Off-Campus Access:</strong> No User ID or Password Required 
500 |a <strong>On-Campus Access:</strong> No User ID or Password Required 
506 |a Electronic access restricted to authorized BRAC University faculty, staff and students 
520 3 |a After a decade of rapid growth, industrialization has lost ground with shrinking manufacturing sector and high informality in Sub-Saharan Africa (SSA). This paper explores how land market and labor regulations affect factor allocative efficiency and firm performance in SSA. Using pooled data on firm balance sheets for 40 countries in SSA, the results identify significant land and labor misallocations due to limited market allocation of land and inappropriate regulatory policies. Using variations in ethnic diversity and the intensity of regulatory actions to peer firms at subnational level as instrumental variables, local average treatment effects show large productivity gains from factor reallocations, especially for marginally productive firms. Panel data results for Nigerian firms confirm factor market inefficiency as a principal driver of declining productivity, while showing that the 2011 minimum wage reform increased firm size. The results imply that improving formal regulation is critical to support firm growth at the stage of weak legal capacity, while informal sector monitoring gets effective as legal capacity develops. 
538 |a Mode of access: Internet 
830 0 |a IMF Working Papers; Working Paper ;  |v No. 2018/184 
856 4 0 |z Full text available on IMF  |u http://elibrary.imf.org/view/journals/001/2018/184/001.2018.issue-184-en.xml  |z IMF e-Library